Március tizenötödike két prédikáció /

Elmentve itt :
Bibliográfiai részletek
Szerző: Lőw Immánuel
Dokumentumtípus: Könyv
Megjelent: Traub B. és Társa 1898
Kulcsszavak:Szentbeszéd - zsidó
Tárgyszavak:
Online Access:http://misc.bibl.u-szeged.hu/57970
LEADER 00671nam a2200193 i 4500
001 misc57970
005 20210531182840.0
008 210531s1898 hu o 0|| hun d
040 |a SZTE Miscellanea Repozitórium  |b hun 
041 |a hun 
100 1 |a Lőw Immánuel 
245 1 0 |a Március tizenötödike   |h [elektronikus dokumentum] :  |b két prédikáció /  |c  Lőw Immánuel 
260 |a Traub B. és Társa  |c 1898 
300 |a 27 p.  |c 24 cm 
650 4 |a Bölcsészettudományok 
650 4 |a Filozófia, etika és vallástudományok 
650 4 |a Vallástudományok 
695 |a Szentbeszéd - zsidó 
856 4 0 |u http://misc.bibl.u-szeged.hu/57970/1/xc_50214.pdf  |z Dokumentum-elérés